000 05081cam a22008534i 4500
003 PE-LiUPU
005 20250731173114.0
008 050414m20049999gw rb 000 0 eng c
020 _a343805261X
_q(v. 1)
020 _a3438052652
_q(v. 5)
020 _a3438052679
_q(v. 7)
020 _a3438052733
_q(v. 13)
020 _a3438052776
_q(v. 17)
020 _a3438052784
_q(v. 18)
020 _a3438052806
_q(v. 20)
020 _a3438052997
_q(20-v. set : pbk.)
020 _a9783438052612
_q(v. 1)
020 _a9783438052650
_q(v. 5)
020 _a9783438052674
_q(v. 7)
020 _a9783438052735
_q(v. 13)
020 _a9783438052773
_q(v. 17)
020 _a9783438052780
_q(v. 18)
020 _a9783438052803
_q(v. 20)
020 _a9783438052995
_q(20-v. set : pbk.)
035 _a(Sirsi) i9783438052612
035 _a(OCoLC)59128874
_z(OCoLC)144559017
035 _a.b29303588
_bstamn
_c-
040 _aUBY
_bspa
_cUBY
_dBAKER
_dBTCTA
_dOHX
_dYDXCP
_dOCLCG
_dBHA
_dPAU
_dYUS
_dUBY
_dPAU
_dOCLCA
_dOCLCQ
_dOCLCO
_dOCLCA
_dOCLCF
_dZCU
_dP4I
_dOCLCQ
_dEXN
_dPE-LiUPU
041 0 _aeng
_aheb
_ager
_aspa
050 4 _aBS715
_b2004
082 0 4 _a221.44
_bBH
_220
130 0 _aBible.
_pOld Testament.
_lHebrew.
_f2004.
245 1 0 _aTorah neviʼim u-khetuvim =
_bBiblia Hebraica /
_cparticipantibus R. Althann [y otros trece] ; consultis A. Dotan pro masora, A. Groves et Soetjianto pro impressione electronica, S. Lind pro redactione et stylo ; communiter ediderunt A. Schenker (praeses) [y otros ocho].
246 1 4 _aBHQ.
246 1 8 _aBiblia Hebraica.
250 _aQuinta editione cum apparatu critico novis curis elaborato.
264 1 _aStuttgart :
_bDeutsche Bibelgesellschaft,
_c2004- .
300 _avolúmenes <1, 5, 7, 17> ;
_c24 centímetros.
336 _atext
_2rdacontent.
337 _aunmediated
_2rdamedia.
338 _avolume
_2rdacarrier.
490 1 _aBiblia Hebraica quinta.
500 _aLa biblioteca del CRAI cuenta con los volúmenes 1, 5, 7, 17.
504 _aIncluye referencias bibliográficas.
505 0 0 _tGenesis /
_rprepared by Abraham Tal
_g(2015).
_aPreface -- Sigla, Symbols, and Abbreviations -- Definitions of the terms used to characterize readings -- Glossary of common terms in the Masorah -- Table of accents -- The text of Genesis -- Introduction and commentaries on Genesis.
505 0 0 _tDeuteronomy /
_rprepared by Carmel McCarthy
_g(2007).
_aPreface -- Sigla, Symbols, and Abbreviations -- Definitions of the terms used to characterize readings -- Glossary of common terms in the Masorah -- Table of accents -- The text of Deuteronomy -- Introduction and commentaries on Deuteronomy.
505 0 0 _tJudges /
_rprepared by Natalio Fernández Marcos
_g(2011).
_aPreface -- Sigla, Symbols, and Abbreviations -- Definitions of the terms used to characterize readings -- Glossary of common terms in the Masorah -- Table of accents -- The text of Judges -- Introduction and commentaries on Judges.
505 0 0 _tProverbs /
_rprepared by Jan de Waard
_g(2008).
_aPreface -- Sigla, Symbols, and Abbreviations -- Definitions of the terms used to characterize readings -- Glossary of common terms in the Masorah -- Table of accents -- The text of Proverbs -- Introduction and commentaries on Proverbs.
526 _aSEG42
526 _aSEG41
526 _aSEG40
526 _aSEG39
526 _aP94
526 _aP87
526 _aP86
526 _aP85
526 _aP77
526 _aP76
526 _aP35
630 0 4 _aBiblia.
_pAntiguo Testamento
_xCrítica Textual.
910 _adbm
_bncf
_cncf
_d20190108
942 _2ddc
_cBOOK
949 _a221.44 BH 1
_wDEWEY
_c1
_i79727
_lCATALOGING
_mBUL
_p57.82
_r0
_sY
_tBOOK
_u2019-01-08
_xTEOLOGIA
_PP85
_0COMPRA
_o.STAFF. Colección Teología
949 _a221.44 BH 5
_wDEWEY
_c1
_i79728
_lCATALOGING
_mBUL
_p79.09
_r0
_sY
_tBOOK
_u2019-01-08
_xTEOLOGIA
_PP85
_0COMPRA
_o.STAFF. Colección Teología
949 _a221.44 BH 7
_wDEWEY
_c1
_i79729
_lCATALOGING
_mBUL
_p53.74
_r0
_sY
_tBOOK
_u2019-01-08
_xTEOLOGIA
_PP85
_0COMPRA
_o.STAFF. Colección Teología
949 _a221.44 BH 17
_wDEWEY
_c1
_i79730
_lCATALOGING
_mBUL
_p49.66
_r0
_sY
_tBOOK
_u2019-01-08
_xTEOLOGIA
_PP85
_0COMPRA
_o.STAFF. Colección Teología
994 _aC0
_bPEPRU
596 _a1
999 _a221.44 BH 1
_wDEWEY
_c30739
_i79727
_d30739
_f2021-11-9
_g4
_lCCODEBUL1
_mBUL
_p57.82
_q7
_r0
_sY
_tBOOK
_u2019-1-8
_xTEOLOGIA
_PP85
_0COMPRA
_1FCOMPR2
_o.STAFF. Colección Teología
999 _a221.44 BH 5
_wDEWEY
_c1
_i79728
_d2019-6-17
_e2019-5-26
_f2021-11-9
_g4
_lCCODEBUL1
_mBUL
_n2
_p79.09
_q8
_r0
_sY
_tBOOK
_u2019-1-8
_xTEOLOGIA
_PP85
_0COMPRA
_1FCOMPR2
_o.STAFF. Colección Teología
999 _a221.44 BH 7
_wDEWEY
_c1
_i79729
_f2021-11-9
_g4
_lCCODEBUL1
_mBUL
_p53.74
_r0
_sY
_tBOOK
_u2019-1-8
_xTEOLOGIA
_PP85
_0COMPRA
_1FCOMPR2
_o.STAFF. Colección Teología
999 _a221.44 BH 17
_wDEWEY
_c1
_i79730
_f2021-11-9
_g4
_lCCODEBUL1
_mBUL
_p49.66
_r0
_sY
_tBOOK
_u2019-1-8
_xTEOLOGIA
_PP85
_0COMPRA
_1FCOMPR2
_o.STAFF. Colección Teología
980 _81
_gALBERTO SANCHEZ Responsable de Automatización